| 000 | 00549nam a2200169 a 4500 | ||
|---|---|---|---|
| 001 | 000028625 | ||
| 005 | 20200930055037.0 | ||
| 008 | 100310s1974 dr 000 0 spa d | ||
| 040 |
_aDO-SdBNP _bspa _cBNPHU |
||
| 082 |
_axxxx _bI39a |
||
| 245 | 0 | 0 |
_aÍndice alfabético del arancel de aduanas Ley No.170 / _crecopilación Manuel Delfín Cabral Batista. |
| 260 |
_aSanto Domingo : _bEditorama, _c1974. |
||
| 300 |
_a196 p. ; _c21 cm. |
||
| 500 | _aIncluye notas al pie de las páginas. | ||
| 700 | 1 |
_aCabral B., Manuel Delfín _937266 |
|
| 049 | _aBNPD | ||
| 999 |
_c28117 _d28117 |
||